000 00301nam a22001337a 4500
020 _qPB.
040 _cFIZZA ISHAQ
082 _a526.9
_bABA
100 _aBANNISTER,A.
_939636
245 _aSURVEYING /
_cA.BANNISTER.
260 _aLONDON ;
_bPEARSON,
_c2017.
300 _a512 P. ;
942 _2ddc
_cBK
999 _c589788
_d589788